Repensando Camelot : John Fitgerald Kennedy, la guerra de Vietnam y la cultura política de EE.UU. /
Estudio que analiza la gestión política de John F. Kennedy (1917-1963), presidente de los Estados Unidos asesinado en su tercer año de gobierno, durante la intervención de Estados Unidos en la Guerra de Vietnam, así como el perfil de la élite política para inclinarse por el intervencionismo norteame...
Zapisane w:
| 1. autor: | |
|---|---|
| Format: | Książka |
| Język: | hiszpański |
| Wydane: |
Madrid, España :
Libertarias Prodhufi,
2004, c2004
|
| Seria: | (Ensayo Libertarias ;
81) |
| Hasła przedmiotowe: | |
| Etykiety: |
Nie ma etykietki, Dołącz pierwszą etykiete!
|
MARC
| LEADER | 00000nam^a2200000^a^4500 | ||
|---|---|---|---|
| 001 | 000285969 | ||
| 005 | 20250521000000.0 | ||
| 009 | 20260310111754.282 | ||
| 020 | |a 84-7954-202-0 | ||
| 025 | |a Donación Jesús Vergara Aceves, 1 ejemplar | ||
| 037 | |a Acervo Xavier Clavigero | ||
| 041 | |a ESP | ||
| 082 | |a 320. 9730922 |b CHO | ||
| 100 | |a Chomsky, Noam |e (autor) | ||
| 245 | 1 | 0 | |a Repensando Camelot : |b John Fitgerald Kennedy, la guerra de Vietnam y la cultura política de EE.UU. / |c N. Chomsky ; tr. por Loreto Bravo de Urquía. |
| 264 | 4 | |a Madrid, España : |b Libertarias Prodhufi, |c 2004, c2004 | |
| 300 | |a 251 p. | ||
| 336 | |a texto |b txt |2 rdacontenido | ||
| 337 | |a sin mediación |b n |2 rdamedio | ||
| 338 | |a volumen |b nc |2 rdasoporte | ||
| 440 | 1 | |a (Ensayo Libertarias ; |v 81) | |
| 520 | |a Estudio que analiza la gestión política de John F. Kennedy (1917-1963), presidente de los Estados Unidos asesinado en su tercer año de gobierno, durante la intervención de Estados Unidos en la Guerra de Vietnam, así como el perfil de la élite política para inclinarse por el intervencionismo norteamericano en esa época. | ||
| 649 | |a XX | ||
| 650 | |a Jefes de Estado Norteamericanos | ||
| 650 | |a Políticos Norteamericanos | ||
| 650 | |a Intervención Militar en Vietnam | ||
| 650 | |a Intervención Militar de EUA | ||
| 650 | |a Guerra de Vietnam, 1961-1973 - |x Historia - |x Tema Principal | ||
| 650 | |a Relaciones Internacionales - |z EUA-Vietnam | ||
| 650 | |a Política Exterior - |z EUA - |x Historia | ||
| 650 | |a Cultura Política - |z EUA | ||
| 650 | |a Política - |z EUA - |x Historia - |y 1961-1963 - |x Tema Principal | ||
| 650 | |a Política - |z EUA - |x Historia - |y Siglo XX | ||
| 650 | |a EUA - |x Historia - |y 1961-1963 | ||
| 650 | |a EUA - |x Historia - |y Siglo XX | ||
| 650 | |a Kennedy, John F. - |x Tema Principal | ||
| 910 | |a Fondo Jesús Vergara Aceves S.J. | ||
| 920 | |a Impresos - Libros | ||
| 930 | |a Fondos Especiales | ||
| 905 | |a 119 | ||
| 901 | |a 0500172615 |b IT2 |c ESP |i D |u 20250521 | ||
| 902 | |a https://opac.biblio.iteso.mx/vufind/Record/000285969 | ||